| 000 | 01339nam a22002777a 4500 | ||
|---|---|---|---|
| 005 | 20180803170218.0 | ||
| 008 | 160202b2007 ck ||||| |||| 00| 0 spa d | ||
| 040 |
_aCO-BoIAVH _cCO-BoIAVH |
||
| 041 | _aspa | ||
| 044 | _ack | ||
| 090 |
_aIAVH _b01617 |
||
| 111 |
_aTaller de discusión sobre elementos con conceptuales de la propuesta de áreas con alto valor de conservación (AAVC) ( _cVillavicencio, Meta: _dSeptiembre 19, 2007) |
||
| 245 | 1 | 0 | _aMemorias del taller de discusión sobre elementos con conceptuales de la propuesta de áreas con alto valor de conservación (AAVC). |
| 260 |
_aVillavicencio: _bInstituto Alexander von Humboldt, _bWWF, _c2007. |
||
| 300 | _a163 páginas. | ||
| 500 | _aContrato 07-07-206-0337PS | ||
| 500 | _aProyecto Identificación de áreas con alto valor de conservación (AAVC) en áreas de expansión palmera en la Orinoquia Colombiana | ||
| 650 | 1 | 4 |
_aÁreas protegidas _vtalleres, congresos, etc. _yVillavicencio, Meta |
| 650 | 1 | 4 | _aAAVC |
| 650 | 1 | 4 |
_aÁreas de consevación _ztalleres, congresos, etc. _yVillavicencio, Meta |
| 700 | 1 | _aGonzález, Olga Victoria | |
| 700 | 1 | _aSuárez, César Freddy | |
| 710 | 1 |
_aPhillips-Bernal, Juan Fernando _ecompilador |
|
| 710 | 1 |
_aHildebrand, Patricio von _efotógrafo |
|
| 942 |
_2z _cINFORME |
||
| 999 |
_c18081 _d18081 |
||